David gets in trouble / (Record no. 1595)

MARC details
000 -LEADER
fixed length control field 00807cam a2200253 a 4500
005 - DATE AND TIME OF LATEST TRANSACTION
control field 20250513113051.0
020 ## - INTERNATIONAL STANDARD BOOK NUMBER
International Standard Book Number 9780439051545
040 ## - CATALOGING SOURCE
Original cataloging agency DLC
Transcribing agency DLC
Modifying agency DLC
Language of cataloging eng
050 00 - LIBRARY OF CONGRESS CALL NUMBER
Classification number PZ7.S52865
Item number Das 2002
082 00 - DEWEY DECIMAL CLASSIFICATION NUMBER
Classification number 823.92
Edition number 21
100 1# - MAIN ENTRY--PERSONAL NAME
Personal name Shannon, David,
Dates associated with a name (1959-)
245 10 - TITLE STATEMENT
Title David gets in trouble /
Statement of responsibility, etc. by David Shannon.
260 ## - PUBLICATION, DISTRIBUTION, ETC.
Place of publication, distribution, etc. New York :
Name of publisher, distributor, etc. Scholastic,
Date of publication, distribution, etc. 2002
300 ## - PHYSICAL DESCRIPTION
Extent 30 unnumbered pages :
Other physical details color illustrations;
Dimensions 29 cm
505 ## - FORMATTED CONTENTS NOTE
Formatted contents note D <br/>
520 ## - SUMMARY, ETC.
Summary, etc. When David gets in trouble, he has excuses right up until bedtime, when he realizes he really is sorry.
521 ## - TARGET AUDIENCE NOTE
Target audience note 160 <br/>
Source Lexile <br/>
521 ## - TARGET AUDIENCE NOTE
Target audience note D <br/>
Source Raz-Plus <br/>
650 #1 - SUBJECT ADDED ENTRY--TOPICAL TERM
Topical term or geographic name entry element Behavior
Form subdivision Fiction.
650 #1 - SUBJECT ADDED ENTRY--TOPICAL TERM
Topical term or geographic name entry element Apologizing
Form subdivision Fiction.
906 ## - LOCAL DATA ELEMENT F, LDF (RLIN)
a 7
b cbc
c orignew
d 1
e ocip
f 20
g y-gencatlg
942 ## - ADDED ENTRY ELEMENTS (KOHA)
Source of classification or shelving scheme Dewey Decimal Classification
Koha item type Books
Suppress in OPAC No
999 ## -
-- 1595
-- 1595
Holdings
Withdrawn status Lost status Source of classification or shelving scheme Damaged status Not for loan Collection Home library Current library Shelving location Date acquired Total Checkouts Full call number Barcode Date last seen Date last checked out Copy number Price effective from Koha item type
    Dewey Decimal Classification     Juvenile Fiction Footprints International School Library Network Toul Tom Poung Campus Footprints International School Library Network Toul Tom Poung Campus TTP Primary Green Bookshelves 09/08/2023 3 SHA 823.92 PZ7.S52865 2023-0545 01/09/2026 12/12/2025 1 09/08/2023 Books
    Dewey Decimal Classification     Juvenile Fiction Footprints International School Library Network Toul Tom Poung Campus Footprints International School Library Network Toul Tom Poung Campus TTP Primary Green Bookshelves 09/08/2023 5 SHA 823.92 PZ7.S52865 FISTK01845 11/14/2025 10/31/2025 2 09/08/2023 Books